000 00453nam a2200181Ia 4500
005 20250423095056.0
008 250422s9999 xx 000 0 und d
020 _a9788131733523
050 _aQA 76 .9 .M35 B64/
100 _aStein, Clifford,
245 0 _aDiscrete mathematics for computer scientists
260 _aBoston
260 _bPearson
260 _cc2011
300 _a525 p
650 _aComputer science_Mathematics.
942 _cBK
999 _c29166
_d29166